000 01009nam a2200253 i 4500
001 190044
003 ES-MaACL
005 20250816062555.0
007 t|
008 200310s1973 sp |||| | spa d
100 1 _aRubert de Ventós, Xavier,
_d1939-
_9100297
245 1 3 _aLa estética de la abstracción /
_cpor Francisco J. Rubert de Ventós.
260 _aBarcelona :
_b[Universidad, Facultad de Filosofía y Letras],
_c1973 (
_fVernet)
300 _a11 p. ;
_c24 cm.
502 _aTesis-Univ. Barcelona (Extracto)
594 _aPrecede al tít.: Universidad de Barcelona. Secretariado de Publicaciones, Intercambio Científico y Extensión Universitaria.
650 7 _aArte abstracto
_2embne
_9142778
650 7 _aEstética
_2embne
_9142387
655 _aTesis y escritos académicos
_9226867
710 2 _aUniversidad de Barcelona.
_bFacultad de Filosofía y Letras.
_97149
852 4 _aES-MaACL
_jP-1415 (39)
_9197195
_bR-68610
_cDEPO2
942 _2udc
999 _c190044
_d190044